Վերդի : (Record no. 83556)
[ view plain ]
| 000 -LEADER | |
|---|---|
| fixed length control field | 00806nam a2200205 a 4500 |
| 001 - CONTROL NUMBER | |
| control field | 000236292 |
| 003 - CONTROL NUMBER IDENTIFIER | |
| control field | AM-YeHGA |
| 005 - DATE AND TIME OF LATEST TRANSACTION | |
| control field | 20250618071607.0 |
| 008 - FIXED-LENGTH DATA ELEMENTS--GENERAL INFORMATION | |
| fixed length control field | 030618s1990 ai 000 | arm d |
| 040 ## - CATALOGING SOURCE | |
| Original cataloging agency | AM-YeHGA |
| 090 ## - LOCALLY ASSIGNED LC-TYPE CALL NUMBER (OCLC); LOCAL CALL NUMBER (RLIN) | |
| -- | 84831 |
| 245 10 - TITLE STATEMENT | |
| Title | Վերդի : |
| Remainder of title | [Օպերայի վեպ] / |
| Statement of responsibility, etc. | Ֆ. Վերֆել; Գերմ. թարգմ.՝ Լ. Տեր-Մինասյան; Խմբ.՝ Ռ.Պ. Նազարյան. |
| 260 ## - PUBLICATION, DISTRIBUTION, ETC. | |
| Place of publication, distribution, etc. | Երևան : |
| Name of publisher, distributor, etc. | Հայաստան, |
| Date of publication, distribution, etc. | 1990. |
| 300 ## - PHYSICAL DESCRIPTION | |
| Extent | 461 էջ ; |
| Dimensions | 21 սմ. |
| 500 ## - GENERAL NOTE | |
| General note | Տողատակի ծանոթագր. |
| 600 14 - SUBJECT ADDED ENTRY--PERSONAL NAME | |
| Personal name | Վերդի, Ջուզեպպե |
| 650 14 - SUBJECT ADDED ENTRY--TOPICAL TERM | |
| Topical term or geographic name entry element | Գերմանական գրականություն |
| General subdivision | Վեպ |
| 700 1# - ADDED ENTRY--PERSONAL NAME | |
| Personal name | Տեր-Մինասյան, Լիլի Երվանդի, |
| Dates associated with a name | 1921-1998 |
| Relator term | թարգմ. |
| Relationship | trl |
| 9 (RLIN) | 2832 |
| 700 1# - ADDED ENTRY--PERSONAL NAME | |
| Personal name | Նազարյան, Ռ.Պ. |
| Relator term | խմբ. |
| Relationship | edt |
| Withdrawn status | Lost status | Damaged status | Not for loan | Collection | Home library | Current library | Date acquired | Total checkouts | Full call number | Barcode | Date last seen | Price effective from | Koha item type | Public note | Source of classification or shelving scheme |
|---|---|---|---|---|---|---|---|---|---|---|---|---|---|---|---|
| General | Fundamental Scientific Library | Fundamental Scientific Library | 22/12/2016 | 830 | 220080670 | 22/12/2016 | 22/12/2016 | Գրքեր / Books | 30 Days Loan | ||||||
| General | Fundamental Scientific Library | Fundamental Scientific Library | 22/12/2016 | AII/81531 | FL0692082 | 22/12/2016 | 22/12/2016 | Գրքեր / Books | 30 Days Loan | Universal Decimal Classification |
ՀՀ Գիտությունների ազգային ակադեմիայի հիմնարար գիտական գրադարան = Fundamental Scientific Library of NAS RA
All site content, except where otherwise noted, is licensed under a